| 000 | 00572nam a2200205Ia 4500 | ||
|---|---|---|---|
| 003 | OSt | ||
| 005 | 20250306100535.0 | ||
| 008 | 210210b1978 xxu||||| |||| 00| 0 eng d | ||
| 040 | _cAL | ||
| 041 | _ahin | ||
| 082 | _aH891.2 VARS | ||
| 100 |
_aVARM (Ramkumar) _9204512 |
||
| 110 |
_bवर्म रामकुमार _9204513 |
||
| 245 |
_aSamudrgupt parakramank: _bसमुद्रगुप्त पराक्रमंक |
||
| 260 |
_aDilli _bGyan Prakashan _c1978 |
||
| 300 | _a71 | ||
| 690 |
_aHindi Drama _9204514 |
||
| 906 | _a033770 | ||
| 942 |
_2ddc _cBK |
||
| 999 |
_c84738 _d84738 |
||